The Viking book of aphorisms : a personal selection /

Bibliographic Details
Main Author: Auden, W.H
Format: Book
Language:English
Published: New York : Viking Press, 1966
Subjects:
Classic Catalogue: View this record in Classic Catalogue
LEADER 00926nam a22002417a 4500
001 38451
003 BD-DhAAL
005 20220419150430.0
008 220419t1966 enk||||| |||| 001 0 eng d
999 |c 44119  |d 44119 
020 |a 08802902560 
040 |a BD-DhAAL  |d BD-DhAAL 
082 |a 808.882  |2 22 
100 |a Auden, W.H.  |9 48118 
245 |a The Viking book of aphorisms :  |b a personal selection /  |c by W.H. Auden and Louis Kronenberger. 
260 |a New York :  |b Viking Press,  |c 1966 
300 |a 431 pages ;  |c 24 cm. 
500 |a Includes indexes. Originally published : 1962. 
541 |a Donated by Akbar Ali Khan  |e 38451 
650 |a Aphorisms and apothegms.  |9 48119 
852 |a Ayesha Abed Library  |c Akbar Ali Khan Collection 
942 |2 ddc  |c BK 
952 |0 0  |1 0  |2 ddc  |4 0  |6 808_882000000000000_AUD  |7 1  |9 70531  |a BRACUL  |b BRACUL  |c CS1  |d 2022-04-19  |e Donated by Akbar Ali Khan  |l 0  |o 808.882 AUD  |p 3010038451  |r 2022-04-19  |t 1  |w 2022-04-19  |y BK